000 00470nam a2200193Ia 4500
008 170918s9999 xx 000 0 und d
020 _a9780545497305
050 _bY23 2011
100 _aYankovic, Al
245 _aWhen I grow up /
245 _cby Al Yankovic ; illustrated by Wes Hargis.
260 _aNew York :
260 _bScholastic,
260 _c2011
300 _aunpaged :
300 _bcolored illustration ;
300 _c26cm.
500 _a930
999 _c342750
_d342750